| 000 | 01106nam a2200265 a 4500 | ||
|---|---|---|---|
| 001 | 86363 | ||
| 003 | BD-RjUL | ||
| 005 | 20260415105218.0 | ||
| 008 | 260418s2018 bg a b 000 0 beno | ||
| 020 | _a9789843443311 | ||
| 035 | _a(BD-RjUL)86363 | ||
| 040 |
_aDLC _cDLC _dDLC _dBD-RjUL _bben |
||
| 041 | _aben | ||
| 082 |
_222 _a954.924 _bANR 2018 |
||
| 100 | 1 |
_a আনা, আনারুল হক _9119388 |
|
| 245 | 1 | 0 |
_aরাজশাহীর কথা / _cআনারুল হক আনা. |
| 250 | _a৩য় সং. | ||
| 260 |
_aরাজশাহী : _bমো. খাজা খালেদ (লিজার), _c২০১৮ |
||
| 300 |
_a১০৭২ পৃ : _bচিত্রসমূহ ; _c২৩ সেমি. |
||
| 504 | _aগ্রন্থপঞ্জি ও নির্ঘণ্ট সংযুক্ত | ||
| 520 | _aবাংলাদেশের রাজশাহী শহরের ইতিহাস | ||
| 651 | 0 |
_aরাজশাহী (বাংলাদেশ) _xইতিহাস _918133 |
|
| 651 | 0 |
_aRājshāhi (Bangladesh) _xHistory. _9117734 |
|
| 942 |
_2ddc _cBK |
||
| 999 |
_c86363 _d86363 |
||